<?xml version="1.0" encoding="UTF-8"?>
<record
    xmlns:xsi="http://www.w3.org/2001/XMLSchema-instance"
    xsi:schemaLocation="http://www.loc.gov/MARC21/slim http://www.loc.gov/standards/marcxml/schema/MARC21slim.xsd"
    xmlns="http://www.loc.gov/MARC21/slim">

  <leader>01784nam a22003257i 4500</leader>
  <datafield tag="999" ind1=" " ind2=" ">
    <subfield code="c">174028</subfield>
    <subfield code="d">174028</subfield>
  </datafield>
  <controlfield tag="003">PPAK</controlfield>
  <controlfield tag="005">20190827112813.0</controlfield>
  <controlfield tag="008">190827s2019    my aob e     o001 0 eng d</controlfield>
  <datafield tag="020" ind1=" " ind2=" ">
    <subfield code="a">9789674406059</subfield>
    <subfield code="c">RM35.00</subfield>
    <subfield code="q">paperback</subfield>
  </datafield>
  <datafield tag="040" ind1=" " ind2=" ">
    <subfield code="a">PPAK</subfield>
    <subfield code="b">eng</subfield>
    <subfield code="c">PPAK</subfield>
    <subfield code="e">rda</subfield>
  </datafield>
  <datafield tag="082" ind1="0" ind2="4">
    <subfield code="2">23</subfield>
    <subfield code="a">323.1591</subfield>
  </datafield>
  <datafield tag="090" ind1="0" ind2="0">
    <subfield code="a">323.1591</subfield>
    <subfield code="b">ZAR</subfield>
    <subfield code="d">G</subfield>
  </datafield>
  <datafield tag="100" ind1="0" ind2=" ">
    <subfield code="a">Zarina Othman, </subfield>
    <subfield code="c">Prof. Madya, Dr., </subfield>
    <subfield code="e">author.</subfield>
  </datafield>
  <datafield tag="245" ind1="1" ind2="0">
    <subfield code="a">ROHINGYA SURVIVORS : </subfield>
    <subfield code="b">Regional Security Implication of Gender Based Violence /</subfield>
    <subfield code="c">Zarina Othman, Md. Mahbubul Haque, Bakri Mat</subfield>
  </datafield>
  <datafield tag="264" ind1=" " ind2="1">
    <subfield code="a">Bandar Baru Nilai, Negeri Sembilan :</subfield>
    <subfield code="b">USIM PRESS, Universiti Sains Islam Malaysia,</subfield>
    <subfield code="c">2019</subfield>
  </datafield>
  <datafield tag="300" ind1=" " ind2=" ">
    <subfield code="a">128 pages :</subfield>
    <subfield code="b">illustrations, colour photographs, colour maps ;</subfield>
    <subfield code="c">23 cm</subfield>
  </datafield>
  <datafield tag="336" ind1=" " ind2=" ">
    <subfield code="2">rdacontent</subfield>
    <subfield code="a">text</subfield>
  </datafield>
  <datafield tag="337" ind1=" " ind2=" ">
    <subfield code="2">rdamedia</subfield>
    <subfield code="a">unmediated</subfield>
  </datafield>
  <datafield tag="338" ind1=" " ind2=" ">
    <subfield code="2">rdacarrier</subfield>
    <subfield code="a">volume</subfield>
  </datafield>
  <datafield tag="500" ind1=" " ind2=" ">
    <subfield code="a">Includes index</subfield>
  </datafield>
  <datafield tag="504" ind1=" " ind2=" ">
    <subfield code="a">Bibliography : pages [117]-126</subfield>
  </datafield>
  <datafield tag="520" ind1=" " ind2=" ">
    <subfield code="a">This book is not only a research book. It also explains how the Rohingya ethnic group became major security issue in the region, mainly in Myanmar. Due to the prior policy of the Burmese regime, the Rohingyas are stateless, the were forced to leave their homeland and labelled as the most victimised ethnic group on earth. The plight of the Rohingyas has attracted the international community attention yet, their future remain uncertain. Based on field works, mainly conducted in Cox's Bazar, Bangladesh and Myanmar, the book analyses how the Rohingya gender issue has destabilised the region. </subfield>
  </datafield>
  <datafield tag="650" ind1="1" ind2="0">
    <subfield code="a">Human security </subfield>
    <subfield code="z">Burma</subfield>
  </datafield>
  <datafield tag="650" ind1="2" ind2="0">
    <subfield code="a">Rohingya (Burmese people) </subfield>
    <subfield code="z">Burma</subfield>
  </datafield>
  <datafield tag="650" ind1="2" ind2="0">
    <subfield code="a">Refugees </subfield>
    <subfield code="z">Burma</subfield>
  </datafield>
  <datafield tag="650" ind1="2" ind2="0">
    <subfield code="a">Government publications</subfield>
    <subfield code="z">Malaysia</subfield>
  </datafield>
  <datafield tag="700" ind1="0" ind2=" ">
    <subfield code="a">Md. Mahbubul Haque, </subfield>
    <subfield code="c">Dr., </subfield>
    <subfield code="e">author.</subfield>
  </datafield>
  <datafield tag="700" ind1="0" ind2=" ">
    <subfield code="a">Bakri Mat, </subfield>
    <subfield code="c">Dr.,</subfield>
    <subfield code="e">author.</subfield>
  </datafield>
  <datafield tag="942" ind1=" " ind2=" ">
    <subfield code="2">ddc</subfield>
    <subfield code="c">B</subfield>
  </datafield>
  <datafield tag="952" ind1=" " ind2=" ">
    <subfield code="0">0</subfield>
    <subfield code="7">0</subfield>
    <subfield code="b">PPAK</subfield>
    <subfield code="c">G</subfield>
    <subfield code="d">2019-09-25</subfield>
    <subfield code="o">323.1591 ZAR</subfield>
    <subfield code="p">A01615448</subfield>
    <subfield code="r">2019-09-25 00:00:00</subfield>
    <subfield code="y">B</subfield>
  </datafield>
  <datafield tag="952" ind1=" " ind2=" ">
    <subfield code="0">0</subfield>
    <subfield code="7">0</subfield>
    <subfield code="b">SP</subfield>
    <subfield code="c">G</subfield>
    <subfield code="d">2019-09-25</subfield>
    <subfield code="l">1</subfield>
    <subfield code="o">323.1591 ZAR</subfield>
    <subfield code="p">A01615449</subfield>
    <subfield code="r">2020-01-29 00:00:00</subfield>
    <subfield code="s">2020-01-08</subfield>
    <subfield code="y">B</subfield>
  </datafield>
  <datafield tag="952" ind1=" " ind2=" ">
    <subfield code="0">0</subfield>
    <subfield code="7">0</subfield>
    <subfield code="b">KM</subfield>
    <subfield code="c">G</subfield>
    <subfield code="d">2019-09-25</subfield>
    <subfield code="o">323.1591 ZAR</subfield>
    <subfield code="p">A01615450</subfield>
    <subfield code="r">2019-09-25 00:00:00</subfield>
    <subfield code="y">B</subfield>
  </datafield>
</record>
